000 005090000a22001810004500
003 MACL
005 20150711142236.0
008 150711b xxu||||| |||| 00| 0 eng d
040 _aMACL
_cMACL
041 _aEnglish
082 _a320/PAN
100 _aPantham Thomas
_91751
245 _aPolitical Theories And Social Reconstruction
_bA Critical Survey Of The Literature On India
260 _bSage Publications
_c1995
_aNew Delhi
350 _a145
650 _aPolitical Science
_988
942 _cBK
_k320
_2ddc
999 _c2378
_d2378